000 00343 a2200157 4500
001 169264
020 _a
040 _cMagnum
100 _aPereira, Ieda Lucia Lima
240 1 0 _aNova pratica pedagogica - v.2
_lpor
245 1 0 _aNova pratica pedagogica - v.2
362 0 _a1899
440 1 _aGente
697 _aPEDAGOGIA
942 _cBK
999 _c169264
_d169264